000
00200nam a22000857a 4500
008
170427b xxu||||| |||| 00| 0 eng d
100
_9
3083
_a
Purang.Y.P.etal.
245
_a
Science-VIII
260
_a
New Delhi
999
_c
6370
_d
6370